000 00580nam a2200205Ia 4500
005 20250923145403.0
008 008 250917s9999 xx 000 0 eng d
037 _aTextual
040 _aDSWL
_beng
_cDSWL
041 _aeng
_2eng
084 _aY2.2, N65;2
_qDSWL
100 _aKarve, Irawati
_9834765
245 0 _aKinship organization in India
_c by Irawati Karve
260 _aBombay
_bAsia Publishing House
_c1965
300 _axxix,389 p.
365 _aINR
_b30 . 0
925 _g30 . 0
942 _cTEXL
_hY2.2, N65;2
999 _c1450756
_d1450756